Gynekológ časopis ženských lékařů

Bibliographic Details
Format: Serial
Language:Czech
PhysicalDescription:29 zv. 27 cm
Published: Hradec Králové MedEXart 1992-2020
Třebechovice pod Orebem Mladá fronta a.s.
Praha
ISSN:1210-1133
Subjects:

MARC

LEADER 00000cas a2200000 a 4500
001 vtls001359761
003 SK-MaSNL
005 20260228155727.0
008 990409d19922020xr qr 0 0 0cze c
022 |a 1210-1133 
035 |a SNK000313300 
040 |a SNK  |b slo  |c SNK  |e AACR2 
041 0 |a cze 
044 |a xr  |c CZ 
072 7 |a 618  |x Gynekológia. Pôrodníctvo  |2 konspekt 
080 |a 618.1  |2 2011 
080 |a 050  |2 2011 
080 |a (051)-027.561  |2 2011 
210 0 |a Gynekolog  |b (Hradec Král.) 
222 0 |a Gynekolog  |b Hradec Králové 
245 0 0 |a Gynekológ  |b časopis ženských lékařů 
260 |a Hradec Králové  |b MedEXart  |c 1992-2020 
260 2 1 |3 [2008]-2016  |a Třebechovice pod Orebem  |b MedEXart 
260 3 1 |3 2016-2020  |a Praha  |b Mladá fronta a.s. 
300 |a 29 zv.  |c 27 cm 
310 |a 4x ročne  |b 2012-2020 
321 |a 6x ročne 
362 0 |a Roč. 1, č. 1 (1992)-roč. 29, č. 2 (2020) 
650 0 7 |a gynekológia  |2 SNKPH  |9 2474 
655 7 |a odborné časopisy  |2 SNKPH  |9 70505 
910 |a snk 
999 |c 345  |d 345 
952 |0 0  |1 1  |4 0  |7 0  |a SNK  |b SNK  |d 1999-04-09  |l 0  |o snkČB 5232/1/1992  |p 17A0188885  |r 2005-01-02 00:00:00  |t č. 1-6  |w 2026-02-21  |y PREZ